00863nam a22002177a 4500003000900000005001700009008004100026040001300067082001600080245006700096260005900163300003000222490004800252504003900300650003200339650003900371710004400410942001200454952016200466999001700628BDDh-ASL20231015031359.0211207s1984 enk||||| |||| 00| 0 eng d cBDDh-ASL a950.21bJOU00aThe Journal of Asian Studies: Volume-XLIII, No.-03, May 1984 / aUSA: bThe Association for Asian Studies, INC.,c1984. a503-619 Page, : c26 cm.  aThe Journal of Asian StudiesvV-43, No.-03. aInclude Bibliographical References 091349aHistoryvPeriodicals. 093476aAsian Studies vPeriodicals.1 96054aThe Association for Asian Studies 2ddccCR 00102ddc40708NFICaASLbASLcGENd2023-05-08eDonated by Prof. David LuddenhV-43,N-3l0o950.21 JOUp121189r2023-05-08 00:00:00w2023-05-08yCRzY-1984 c32354d32354